000 01345 a2200217 4500
001 22343
005 20260407155513.0
008 260407a1993 arg spa d
003 AR-UNSa-BCEJYS
040 _aAR-UNSa-BCEJYS
_bspa
_cAR-UNSa-BCEJYS
080 _a657.21
_xCuentas: definiciones, débito, crédito. Ingresos y gastos
245 1 0 _aDistribución de beneficios y compensación de perdidas
_pproblemática contable e importancia en auditoría
020 _a84-476-0067-X
264 1 _aMadrid :
_bMinisterio de Economía y Hacienda
_c1993
300 _a104 p.
_c24 cm.
505 _a1. Introducción - 2. El estado propuesta de distribución de beneficios - 3. Base de reparto de la propuesta - 4. Distribución del beneficio entre los socios - 5. Dotaciones a reservas - 6. Orden de prelación y registro contable de la distribución del beneficio - 7. Compensación de perdidas - 8. Caso práctico 1. Presentación del estado propuesta de distribución - 9. Caso práctico 2. Contabilización del reparto de beneficios - 10. Resumen y conclusiones - 11. Biografía citada.
942 _cBK
590 _aniveau_biblio:m niveau_hierar:0
100 1 _aGallizo Larraz, José Luis
856 4 1 _uhttps://biblioeco.unsa.edu.ar/pmb/images/libros/Distribucion de Beneficios y Compensacion de Perdidas-l119511.jpg
_yImagen de portada
_qimage/jpeg
999 _c974
_d974